Las Siete maravillas del mundo antiguo / (Record no. 156767)

MARC details
000 -LEADER
fixed length control field 00860nam a22002297a 4500
005 - DATE AND TIME OF LATEST TRANSACTION
control field 20210705122018.0
008 - FIXED-LENGTH DATA ELEMENTS--GENERAL INFORMATION
fixed length control field 210705b sp ||||| |||| 00| 0 spa d
020 ## - INTERNATIONAL STANDARD BOOK NUMBER
International Standard Book Number 9788420649788
050 04 - LIBRARY OF CONGRESS CALL NUMBER
Classification number N5333
Item number B76 2010
100 1# - MAIN ENTRY--PERSONAL NAME
Personal name Brodersen, Kai
240 10 - UNIFORM TITLE
Uniform title Die sieben weltwunder. legendare Kunst- und bauwerke der antike.
Language of a work Español
245 14 - TITLE STATEMENT
Title Las Siete maravillas del mundo antiguo /
Statement of responsibility, etc Kai Brodersen ; traductor: Francisco Javier Martínez García
260 ## - PUBLICATION, DISTRIBUTION, ETC. (IMPRINT)
Place of publication, distribution, etc Madrid :
Name of publisher, distributor, etc Alianza,
Date of publication, distribution, etc 2010
300 ## - PHYSICAL DESCRIPTION
Extent 177 p. :
Other physical details ilustraciones,
Dimensions 17 cm.
490 0# - SERIES STATEMENT
Series statement El Libro de bolsillo: Historia
490 0# - SERIES STATEMENT
Series statement Área de conocimiento: Humanidades
650 #7 - SUBJECT ADDED ENTRY--TOPICAL TERM
Source of heading or term lemb
Topical term or geographic name as entry element Siete Maravillas del Mundo
650 #7 - SUBJECT ADDED ENTRY--TOPICAL TERM
Source of heading or term lemb
Topical term or geographic name as entry element Arte antiguo
650 #7 - SUBJECT ADDED ENTRY--TOPICAL TERM
Source of heading or term lemb
Topical term or geographic name as entry element Monumentos históricos
700 1# - ADDED ENTRY--PERSONAL NAME
Personal name Martínez García, Francisco Javier,
Relator term traductor
942 ## - ADDED ENTRY ELEMENTS (KOHA)
Source of classification or shelving scheme Biblioteca del Cogreso de los Estados Unidos
Koha item type Libro
Holdings
Estado de pérdida Fuente de clasificación Estado del daño No para préstamo Ubicación permanente Ubicación actual Apartado o colección Fecha de adquisición Edición Dependencia de educación superior (DES) Área del conocimiento Total Checkouts Clasificación Código de Barras Date last seen Número de copia Costo por reposición Tipo de recurso
  Biblioteca del Cogreso de los Estados Unidos     Biblioteca del Instituto de Investigaciones Históricas Biblioteca del Instituto de Investigaciones Históricas General 05/07/2021 1a ed. Humanidades Educación y Humanidades   N5333 B76 2010 IIH000030373 05/07/2021 C:1 1.00 Libro